[Event "Philadelphia op"]
[Site "Philadelphia"]
[Date "2010.04.03"]
[Round "6"]
[White "Shabalov, Alexander"]
[Black "Simutowe, Amon"]
[Result "1-0"]
[WhiteElo "2587"]
[BlackElo "2481"]
[PlyCount "86"]
[EventDate "2010.03.31"]
[EventType "swiss"]
[EventRounds "9"]
[EventCountry "USA"]
[SourceTitle "CBM 135 Extra"]
[Source "ChessBase"]
[SourceDate "2010.05.04"]
[SourceVersion "1"]
[SourceVersionDate "2010.05.04"]
[SourceQuality "1"]

1. e4 e6 2. d4 d5 3. Nc3 Nf6 4. e5 Nfd7 5. f4 c5 6. Nf3 Nc6 7. Be3 a6 8. Qd2 cxd4 9. Nxd4 Bc5 10. 0-0-0 0-0 11. Nb3 Bxe3 12. Qxe3 b5 13. h4 Qc7 14. Kb1 Nb6 15. Nd4 b4 16. Nce2 Nc4 17. Qg3 Ne7 18. h5 f6 19. h6 g6 20. exf6 Rxf6 21. Qh4 Rf7 22. Qe1 a5 23. Nc1 Qxf4 24. Bxc4 dxc4 25. Nxe6 Bxe6 26. Qxe6 Nf5 27. Ne2 Qg5 28. Rd7 Raf8 29. Rxf7 Rxf7 30. Qc8+ Rf8 31. Qxc4+ Kh8 32. Qd5 Qe3 33. Nc1 Rc8 34. Qxa5 Nxh6 35. Qxb4 Nf7 36. Re1 Qg3 37. Re2 Kg8 38. Nd3 Qh2 39. b3 Qc7 40. Qe7 Qc3 41. Rf2 Rc7 42. Qe8+ Kg7 43. Nf4 Ra7 1-0

[Event "Pan American Intercollegiate-chT"]
[Site "South Padre Island"]
[Date "2009.12.28"]
[Round "3"]
[White "Bachmann, Axel"]
[Black "Simutowe, Amon"]
[Result "1-0"]
[WhiteElo "2553"]
[BlackElo "2481"]
[PlyCount "65"]
[EventDate "2009.12.27"]
[EventType "team-swiss"]
[EventRounds "6"]
[EventCountry "USA"]
[SourceTitle "CBM 134 Extra"]
[Source "ChessBase"]
[SourceDate "2010.03.03"]
[SourceVersion "1"]
[SourceVersionDate "2010.03.03"]
[SourceQuality "1"]

1. e4 c6 2. d4 d5 3. e5 Bf5 4. Nf3 e6 5. Be2 c5 6. c4 dxc4 7. Nc3 Bd3 8. Bxd3 cxd3 9. Qxd3 cxd4 10. Nxd4 Ne7 11. Bg5 Qb6 12. Ndb5 Nec6 13. 0-0-0 h6 14. Be3 Qa5 15. f4 Bb4 16. Nd6+ Bxd6 17. Qxd6 Qb4 18. Qxb4 Nxb4 19. a3 N4a6 20. Nb5 b6 21. Rd6 Ke7 22. Rhd1 Rc8+ 23. Kb1 Nc5 24. Bxc5 bxc5 25. Nc3 g5 26. g3 gxf4 27. gxf4 a6 28. Na4 Ra7 29. Nb6 Rg8 30. f5 Re8 31. f6+ Kf8 32. Rg1 Rb7 33. Rd3 1-0

[Event "Pan American Intercollegiate-chT"]
[Site "South Padre Island"]
[Date "2009.12.28"]
[Round "2"]
[White "Simutowe, Amon"]
[Black "Gao, Lu"]
[Result "1-0"]
[WhiteElo "2481"]
[BlackElo "2216"]
[PlyCount "55"]
[EventDate "2009.12.27"]
[EventType "team-swiss"]
[EventRounds "6"]
[EventCountry "USA"]
[SourceTitle "CBM 134 Extra"]
[Source "ChessBase"]
[SourceDate "2010.03.03"]
[SourceVersion "1"]
[SourceVersionDate "2010.03.03"]
[SourceQuality "1"]

1. c4 Nf6 2. Nc3 c5 3. Nf3 Nc6 4. d4 cxd4 5. Nxd4 e5 6. Ndb5 d6 7. g3 Be6 8. Nd5 Bxd5 9. cxd5 Qa5+ 10. Nc3 Nb8 11. Qb3 Nbd7 12. Qxb7 Rb8 13. Qc6 Be7 14. Bh3 Qd8 15. 0-0 0-0 16. Qa4 a5 17. Rd1 Rb4 18. Qc2 Qb8 19. b3 Rc8 20. Ba3 Rb7 21. Qd2 Rcc7 22. Na4 Qa7 23. Bg2 Nb6 24. Nxb6 Qxb6 25. Rac1 Nd7 26. Rc6 Qd4 27. Qxd4 exd4 28. Rdc1 1-0

[Event "Dallas UTD-A"]
[Site "Dallas"]
[Date "2009.11.26"]
[Round "6"]
[White "Kacheishvili, Giorgi"]
[Black "Simutowe, Amon"]
[Result "1-0"]
[WhiteElo "2583"]
[BlackElo "2481"]
[PlyCount "71"]
[EventDate "2009.11.21"]
[EventType "tourn"]
[EventRounds "9"]
[EventCountry "USA"]
[EventCategory "10"]
[SourceTitle "CBM 133 Extra"]
[Source "ChessBase"]
[SourceDate "2010.01.05"]
[SourceVersion "1"]
[SourceVersionDate "2010.01.05"]
[SourceQuality "1"]

1. d4 Nf6 2. c4 e6 3. Nc3 Bb4 4. g3 c5 5. Nf3 cxd4 6. Nxd4 Nc6 7. Bg2 0-0 8. 0-0 d5 9. cxd5 exd5 10. Bg5 h6 11. Nxd5 Nxd4 12. Bxf6 gxf6 13. Qxd4 Be7 14. Qe3 Be6 15. Qxh6 Bxd5 16. Rad1 Bxg2 17. Rxd8 Bxf1 18. Rxa8 Rxa8 19. Kxf1 b6 20. Qe3 Kf8 21. Qe4 Rd8 22. h4 Bc5 23. b4 Bd6 24. a3 Kg7 25. Qb7 Bb8 26. Kg2 Re8 27. Qd7 Re6 28. Qb7 Re8 29. e4 Rd8 30. f4 Rd2+ 31. Kf3 Rd8 32. Kg4 Re8 33. Kf5 Rh8 34. g4 Re8 35. Qd7 Re6 36. h5 1-0

[Event "Dallas UTD-A"]
[Site "Dallas"]
[Date "2009.11.24"]
[Round "4"]
[White "Ramirez Alvarez, Alejandro"]
[Black "Simutowe, Amon"]
[Result "1-0"]
[WhiteElo "2547"]
[BlackElo "2481"]
[PlyCount "175"]
[EventDate "2009.11.21"]
[EventType "tourn"]
[EventRounds "9"]
[EventCountry "USA"]
[EventCategory "10"]
[SourceTitle "CBM 133 Extra"]
[Source "ChessBase"]
[SourceDate "2010.01.05"]
[SourceVersion "1"]
[SourceVersionDate "2010.01.05"]
[SourceQuality "1"]

1. Nf3 Nf6 2. g3 d5 3. c4 dxc4 4. Bg2 c6 5. a4 a5 6. Na3 Na6 7. Nxc4 Nb4 8. 0-0 e6 9. d3 Be7 10. Bd2 0-0 11. Qb3 Nd7 12. Rfc1 Nc5 13. Qd1 Nca6 14. Bc3 Kh8 15. Nfd2 Ra7 16. Nb3 b6 17. Ne5 c5 18. Nd2 Bb7 19. Qf1 f6 20. Nec4 e5 21. Be4 Bc8 22. Na3 Be6 23. Nb5 Rd7 24. Bf3 Nd5 25. Qg2 Nab4 26. Nc4 Qb8 27. Ne3 Rfd8 28. Bxb4 Nxb4 29. Be4 g6 30. Bc6 Nxc6 31. Qxc6 Bf7 32. Nc4 Rb7 33. Nc3 Rd4 34. Qf3 Kg7 35. Nb5 Rd8 36. Ne3 Rbd7 37. Qc6 h5 38. Rf1 Qb7 39. Qxb7 Rxb7 40. Rfc1 Be6 41. Nc4 h4 42. Nc3 hxg3 43. hxg3 Rd4 44. Nb5 Rd8 45. Kg2 f5 46. Nxe5 Bf6 47. Nc4 Re7 48. Rc2 Bd5+ 49. f3 Rh8 50. Rh1 Rhe8 51. Re1 Rb8 52. b3 Ba8 53. e4 fxe4 54. dxe4 Rd7 55. Ree2 Rd3 56. Re3 Rd1 57. Nc3 Rd7 58. e5 Bg5 59. Re1 Rd3 60. Ne4 Bxe4 61. Rxe4 Rxb3 62. f4 Be7 63. Ne3 Rd8 64. f5 Bg5 65. f6+ Kf7 66. e6+ Kxf6 67. e7 Re8 68. Nd5+ Kf7 69. Rf2+ Kg7 70. Rfe2 Ra3 71. Nc7 Rxe7 72. Rxe7+ Bxe7 73. Rxe7+ Kf6 74. Nd5+ Kf5 75. Nxb6 c4 76. Re5+ Kxe5 77. Nxc4+ Kd4 78. Nxa3 Kc3 79. Nb5+ Kb4 80. Nd6 Kxa4 81. Nc4 Kb4 82. Nxa5 Kxa5 83. Kf3 Kb6 84. Kf4 Kc6 85. Kg5 Kd6 86. Kxg6 Ke7 87. g4 Kf8 88. Kh7 1-0

[Event "Dallas UTD-A"]
[Site "Dallas"]
[Date "2009.11.23"]
[Round "3"]
[White "Izoria, Zviad"]
[Black "Simutowe, Amon"]
[Result "1/2-1/2"]
[WhiteElo "2589"]
[BlackElo "2481"]
[PlyCount "26"]
[EventDate "2009.11.21"]
[EventType "tourn"]
[EventRounds "9"]
[EventCountry "USA"]
[EventCategory "10"]
[SourceTitle "CBM 133 Extra"]
[Source "ChessBase"]
[SourceDate "2010.01.05"]
[SourceVersion "1"]
[SourceVersionDate "2010.01.05"]
[SourceQuality "1"]

1. d4 Nf6 2. c4 e6 3. Nf3 Bb4+ 4. Bd2 Qe7 5. g3 0-0 6. Bg2 a5 7. 0-0 Bxd2 8. Qxd2 d6 9. Nc3 e5 10. e4 Bg4 11. d5 Na6 12. Ne1 Nd7 13. Nd3 Ndc5 1/2-1/2

[Event "Dallas UTD-A"]
[Site "Dallas"]
[Date "2009.11.21"]
[Round "1"]
[White "Ludwig, Daniel"]
[Black "Simutowe, Amon"]
[Result "1/2-1/2"]
[WhiteElo "2461"]
[BlackElo "2481"]
[PlyCount "59"]
[EventDate "2009.11.21"]
[EventType "tourn"]
[EventRounds "9"]
[EventCountry "USA"]
[EventCategory "10"]
[SourceTitle "CBM 133 Extra"]
[Source "ChessBase"]
[SourceDate "2010.01.05"]
[SourceVersion "1"]
[SourceVersionDate "2010.01.05"]
[SourceQuality "1"]

1. e4 e6 2. d4 d5 3. Nd2 c5 4. exd5 exd5 5. Ngf3 Nc6 6. Bb5 cxd4 7. Nxd4 Bd7 8. N2f3 Nf6 9. 0-0 Be7 10. c3 0-0 11. Be2 Re8 12. Be3 Qb8 13. h3 a6 14. Re1 Qc7 15. Rc1 Bd6 16. Bd3 Bf4 17. Bxf4 Rxe1+ 18. Qxe1 Qxf4 19. Rc2 Re8 20. Qc1 Qc7 21. Re2 Rxe2 22. Bxe2 Nxd4 23. Nxd4 Qe5 24. Bf3 h5 25. Qd2 g5 26. Bd1 g4 27. hxg4 hxg4 28. Qe3 Qxe3 29. fxe3 Kg7 30. Bc2 1/2-1/2

[Event "Africa-ch"]
[Site "Tripoli"]
[Date "2009.07.30"]
[Round "9"]
[White "El Gindy, Essam"]
[Black "Simutowe, Amon"]
[Result "1/2-1/2"]
[WhiteElo "2501"]
[BlackElo "2481"]
[PlyCount "45"]
[EventDate "2009.07.21"]
[EventType "swiss"]
[EventRounds "9"]
[EventCountry "LBY"]
[SourceTitle "CBM 131 Extra"]
[Source "ChessBase"]
[SourceDate "2009.09.03"]
[SourceVersion "2"]
[SourceVersionDate "2009.09.16"]
[SourceQuality "1"]

1. d4 Nf6 2. Nf3 g6 3. g3 Bg7 4. Bg2 0-0 5. 0-0 d6 6. c4 Nc6 7. Nc3 a6 8. h3 Re8 9. e4 Nd7 10. Bg5 h6 11. Be3 b5 12. cxb5 axb5 13. Rc1 b4 14. Nd5 Bb7 15. Qd2 e6 16. Nxc7 Qxc7 17. d5 Nc5 18. dxc6 Bxc6 19. Bxc5 dxc5 20. Rfd1 Red8 21. Qf4 Qb6 22. b3 g5 23. Qe3 1/2-1/2

[Event "Africa-ch"]
[Site "Tripoli"]
[Date "2009.07.21"]
[Round "1"]
[White "Nyazi, Nehad"]
[Black "Simutowe, Amon"]
[Result "0-1"]
[WhiteElo "2237"]
[BlackElo "2481"]
[PlyCount "48"]
[EventDate "2009.07.21"]
[EventType "swiss"]
[EventRounds "9"]
[EventCountry "LBY"]
[SourceTitle "CBM 131 Extra"]
[Source "ChessBase"]
[SourceDate "2009.09.03"]
[SourceVersion "2"]
[SourceVersionDate "2009.09.16"]
[SourceQuality "1"]

1. d4 Nf6 2. c4 c6 3. Nc3 d5 4. e3 e6 5. Nf3 Nbd7 6. Bd3 Be7 7. 0-0 0-0 8. e4 dxe4 9. Nxe4 b6 10. Qe2 Bb7 11. Bg5 Re8 12. Rad1 Nxe4 13. Bxe7 Qxe7 14. Qxe4 Nf6 15. Qh4 c5 16. Rfe1 Bxf3 17. gxf3 cxd4 18. Qxd4 Nh5 19. Re5 g6 20. Qg4 Kh8 21. Kh1 Rad8 22. f4 Qf6 23. Rxh5 gxh5 24. Qxh5 h6 0-1

[Event "Cape Town ChessCube op"]
[Site "Cape Town"]
[Date "2009.07.06"]
[Round "6"]
[White "Simutowe, Amon"]
[Black "Jones, Gawain C B"]
[Result "1/2-1/2"]
[WhiteElo "2481"]
[BlackElo "2554"]
[PlyCount "60"]
[EventDate "2009.07.03"]
[EventType "swiss"]
[EventRounds "11"]
[EventCountry "RSA"]
[SourceTitle "CBM 131 Extra"]
[Source "ChessBase"]
[SourceDate "2009.09.03"]
[SourceVersion "2"]
[SourceVersionDate "2009.09.16"]
[SourceQuality "1"]

1. e4 c5 2. c3 d5 3. exd5 Qxd5 4. d4 Nc6 5. Nf3 Bg4 6. Be2 cxd4 7. cxd4 e6 8. Nc3 Qa5 9. Be3 Nf6 10. Qb3 Qb4 11. Qxb4 Bxb4 12. h3 Bh5 13. 0-0 0-0 14. Rac1 Rfd8 15. Rfd1 Nd5 16. Kf1 Nxe3+ 17. fxe3 f6 18. Ne4 Bf7 19. Nc5 Bxc5 20. Rxc5 Nb4 21. a3 b6 22. Rc4 Nd5 23. Kf2 Be8 24. e4 Nf4 25. Bf1 Bb5 26. Rc3 Bxf1 27. Kxf1 f5 28. Re1 Rd6 29. g3 fxe4 30. Rxe4 Nd5 1/2-1/2

[Event "Bhubaneswar op 1st"]
[Site "Bhubaneswar"]
[Date "2009.06.14"]
[Round "10"]
[White "Meenakshi, Subbaraman"]
[Black "Simutowe, Amon"]
[Result "1-0"]
[WhiteElo "2303"]
[BlackElo "2486"]
[PlyCount "28"]
[EventDate "2009.06.07"]
[EventType "swiss"]
[EventRounds "10"]
[EventCountry "IND"]
[SourceTitle "CBM 130 Extra"]
[Source "ChessBase"]
[SourceDate "2009.07.02"]
[SourceVersion "2"]
[SourceVersionDate "2009.07.15"]
[SourceQuality "1"]

1. d4 Nf6 2. c4 e6 3. Nf3 c6 4. Nc3 d5 5. cxd5 cxd5 6. Bf4 a6 7. e3 Nh5 8. Bg5 Qb6 9. Bd3 Qxb2 10. 0-0 Bd7 11. Ne5 Nf6 12. Na4 Qb4 13. Nxd7 Nbxd7 14. Rb1 Bd6 1-0

[Event "Bhubaneswar op 1st"]
[Site "Bhubaneswar"]
[Date "2009.06.11"]
[Round "7"]
[White "Lahiri, Atanu"]
[Black "Simutowe, Amon"]
[Result "1/2-1/2"]
[WhiteElo "2332"]
[BlackElo "2486"]
[PlyCount "23"]
[EventDate "2009.06.07"]
[EventType "swiss"]
[EventRounds "10"]
[EventCountry "IND"]
[SourceTitle "CBM 130 Extra"]
[Source "ChessBase"]
[SourceDate "2009.07.02"]
[SourceVersion "2"]
[SourceVersionDate "2009.07.15"]
[SourceQuality "1"]

1. d4 Nf6 2. c4 e6 3. Nc3 Bb4 4. e3 0-0 5. Nf3 c5 6. Bd3 d5 7. 0-0 Nc6 8. a3 Bxc3 9. bxc3 dxc4 10. Bxc4 Qc7 11. Bb2 e5 12. h3 1/2-1/2

[Event "Bhubaneswar op 1st"]
[Site "Bhubaneswar"]
[Date "2009.06.07"]
[Round "1"]
[White "Dk, Chopra"]
[Black "Simutowe, Amon"]
[Result "0-1"]
[WhiteElo "1923"]
[BlackElo "2486"]
[PlyCount "66"]
[EventDate "2009.06.07"]
[EventType "swiss"]
[EventRounds "10"]
[EventCountry "IND"]
[SourceTitle "CBM 130 Extra"]
[Source "ChessBase"]
[SourceDate "2009.07.02"]
[SourceVersion "2"]
[SourceVersionDate "2009.07.15"]
[SourceQuality "1"]

1. d4 Nf6 2. Nf3 e6 3. Bg5 b6 4. e4 h6 5. Bxf6 Qxf6 6. Bd3 Bb7 7. 0-0 c5 8. e5 Bxf3 9. gxf3 Qg5+ 10. Kh1 cxd4 11. Be4 Nc6 12. Bxc6 dxc6 13. Qxd4 Qf5 14. Qc3 c5 15. Na3 Be7 16. Rad1 0-0 17. Rd7 Bg5 18. Nc4 Bf4 19. Rg1 Rad8 20. Rd3 Qh3 21. Rg2 Bxh2 22. f4 Rxd3 23. cxd3 Bxf4+ 24. Kg1 Rd8 25. Nd6 Qf3 26. Qe1 Qxd3 27. b3 Qd5 28. Nc4 b5 29. Ne3 Qxe5 30. Rg4 Rd4 31. Qe2 Bxe3 32. fxe3 Rxg4+ 33. Qxg4 Qg5 0-1

[Event "Verona op 15th"]
[Site "Verona"]
[Date "2009.04.10"]
[Round "6"]
[White "Simutowe, Amon"]
[Black "Brunello, Sabino"]
[Result "1/2-1/2"]
[WhiteElo "2486"]
[BlackElo "2477"]
[PlyCount "45"]
[EventDate "2009.04.07"]
[EventType "swiss"]
[EventRounds "9"]
[EventCountry "ITA"]
[SourceTitle "CBM 129 Extra"]
[Source "ChessBase"]
[SourceDate "2009.05.05"]
[SourceVersion "2"]
[SourceVersionDate "2009.05.20"]
[SourceQuality "1"]

1. e4 e5 2. Nf3 Nc6 3. Bb5 a6 4. Ba4 Nf6 5. 0-0 Be7 6. Re1 b5 7. Bb3 0-0 8. h3 Bb7 9. d3 d5 10. exd5 Nxd5 11. Nxe5 Nd4 12. c3 Nxb3 13. axb3 c5 14. d4 cxd4 15. Qxd4 Qc7 16. Na3 Rfe8 17. Nf3 Bc5 18. Qd3 Rxe1+ 19. Nxe1 Nf4 20. Bxf4 Qxf4 21. Nf3 Re8 22. b4 Bd6 23. Re1 1/2-1/2

[Event "Verona op 15th"]
[Site "Verona"]
[Date "2009.04.07"]
[Round "1"]
[White "Luciani, Valerio"]
[Black "Simutowe, Amon"]
[Result "0-1"]
[WhiteElo "2214"]
[BlackElo "2486"]
[PlyCount "204"]
[EventDate "2009.04.07"]
[EventType "swiss"]
[EventRounds "9"]
[EventCountry "ITA"]
[SourceTitle "CBM 129 Extra"]
[Source "ChessBase"]
[SourceDate "2009.05.05"]
[SourceVersion "2"]
[SourceVersionDate "2009.05.20"]
[SourceQuality "1"]

1. d4 Nf6 2. c4 e6 3. Nc3 Bb4 4. a3 Bxc3+ 5. bxc3 c5 6. f3 Nh5 7. Be3 f5 8. Qd2 Nc6 9. Bf2 Na5 10. Qa2 d6 11. dxc5 dxc5 12. Bxc5 Qc7 13. Bf2 Nxc4 14. e4 Nd6 15. Qd2 0-0 16. e5 Nf7 17. Bd4 Nxe5 18. Bb5 Ng6 19. Nh3 e5 20. Bf2 Be6 21. 0-0 h6 22. Kh1 Rad8 23. Qb2 b6 24. Rfe1 Nf6 25. Rac1 e4 26. c4 Qf7 27. Ng1 exf3 28. gxf3 Bd7 29. c5 Bxb5 30. Qxb5 Rd5 31. Qb4 bxc5 32. Rxc5 Rfd8 33. Qa5 Nf4 34. Rxd5 Rxd5 35. Qxa7 Nd3 36. Re2 Rd7 37. Qa8+ Kh7 38. Bg3 f4 39. Bh4 Ra7 40. Qc8 Qd7 41. Qxd7 Nxd7 42. Be7 N7e5 43. Bd6 Ra5 44. Bxe5 Nxe5 45. Ra2 Ra4 46. Kg2 g5 47. h4 Kg6 48. hxg5 hxg5 49. Ne2 g4 50. Ng1 Kf5 51. Ra1 Rc4 52. fxg4+ Kxg4 53. Ra2 Ra4 54. Kf1 f3 55. Kf2 Nd3+ 56. Ke3 f2 57. Rxf2 Nxf2 58. Kxf2 Rxa3 59. Ne2 Rh3 60. Ke1 Rh2 61. Kd1 Kf3 62. Nd4+ Ke4 63. Nc2 Rf2 64. Ne1 Kd4 65. Kc1 Rf1 66. Kd2 Rf2+ 67. Kc1 Kc3 68. Kd1 Rd2+ 69. Kc1 Rd8 70. Nf3 Rf8 71. Ne1 Ra8 72. Kd1 Ra2 73. Nf3 Rf2 74. Ne1 Kd4 75. Nc2+ Ke4 76. Kc1 Kd3 77. Ne1+ Ke2 78. Nc2 Rf8 79. Kb2 Kd2 80. Nb4 Rf3 81. Na2 Kd3 82. Kb3 Kd4+ 83. Kb4 Rf2 84. Kb3 Rf1 85. Kc2 Rf2+ 86. Kb3 Rg2 87. Nb4 Rg3+ 88. Kb2 Kc4 89. Nc2 Rb3+ 90. Kc1 Kd3 91. Ne1+ Ke2 92. Nc2 Rb8 93. Nd4+ Kd3 94. Nf3 Ra8 95. Kb2 Rf8 96. Ne1+ Kd2 97. Ng2 Rb8+ 98. Ka3 Rf8 99. Kb3 Ke2 100. Nh4 Rf6 101. Kc3 Kf2 102. Kd4 Rf4+ 0-1

[Event "Zagreb op-A"]
[Site "Zagreb"]
[Date "2009.03.29"]
[Round "9"]
[White "Simutowe, Amon"]
[Black "Petkov, Vladimir"]
[Result "1-0"]
[WhiteElo "2485"]
[BlackElo "2504"]
[PlyCount "59"]
[EventDate "2009.03.21"]
[EventType "swiss"]
[EventRounds "9"]
[EventCountry "CRO"]
[SourceTitle "CBM 129 Extra"]
[Source "ChessBase"]
[SourceDate "2009.05.05"]
[SourceVersion "2"]
[SourceVersionDate "2009.05.20"]
[SourceQuality "1"]

1. d4 Nf6 2. c4 e6 3. Nc3 Bb4 4. Qc2 0-0 5. a3 Bxc3+ 6. Qxc3 b6 7. Bg5 Ba6 8. Qf3 Nc6 9. e3 Na5 10. e4 h6 11. h4 Re8 12. e5 hxg5 13. hxg5 Nh7 14. Qh3 Qxg5 15. Qxh7+ Kf8 16. Nf3 Qf5 17. Qxf5 exf5 18. Rc1 Bb7 19. Be2 Bxf3 20. Bxf3 Rab8 21. b4 Nb3 22. Rd1 c5 23. dxc5 Rxe5+ 24. Kf1 Ke7 25. cxb6 Rxb6 26. Bd5 f4 27. Rh3 Rh6 28. Rxh6 gxh6 29. c5 Na1 30. b5 1-0

[Event "Bergamo op"]
[Site "Bergamo"]
[Date "2009.03.14"]
[Round "3"]
[White "Simutowe, Amon"]
[Black "Salmoiraghi, Angelo"]
[Result "1-0"]
[WhiteElo "2485"]
[BlackElo "2133"]
[PlyCount "103"]
[EventDate "2009.03.13"]
[EventType "swiss"]
[EventRounds "5"]
[EventCountry "ITA"]
[SourceTitle "CBM 129 Extra"]
[Source "ChessBase"]
[SourceDate "2009.05.05"]
[SourceVersion "2"]
[SourceVersionDate "2009.05.20"]
[SourceQuality "1"]

1. e4 c5 2. Nf3 Nc6 3. Bb5 e6 4. 0-0 Nge7 5. Re1 a6 6. Bf1 d5 7. exd5 Nxd5 8. d4 cxd4 9. Nxd4 Nxd4 10. Qxd4 Nf6 11. Qxd8+ Kxd8 12. c4 Bc5 13. Nc3 Bd7 14. h3 Bc6 15. a3 Ke7 16. b4 Bd4 17. Bb2 Bb6 18. a4 Rhd8 19. b5 axb5 20. axb5 Rxa1 21. Rxa1 Bd7 22. Na4 Bc7 23. g4 Bc8 24. Bg2 b6 25. Ba3+ Ke8 26. c5 bxc5 27. b6 Be5 28. Rb1 Rd3 29. Bxc5 Bd7 30. Bf1 Rd5 31. Bc4 Bxa4 32. Bxd5 Nxd5 33. b7 Bc2 34. b8Q+ Bxb8 35. Rxb8+ Kd7 36. Bd4 g5 37. Rb7+ Ke8 38. Bc5 Bg6 39. Kh2 Kd8 40. Kg3 f5 41. Bd6 Ke8 42. Rg7 Kd8 43. f3 Ke8 44. Ra7 Kd8 45. Bf8 fxg4 46. fxg4 Nc3 47. Be7+ Ke8 48. Bxg5 Ne4+ 49. Kh4 Kf8 50. Rc7 Kg8 51. Bh6 Be8 52. Rg7+ 1-0

[Event "Schneeberg op"]
[Site "Schneeberg"]
[Date "2009.03.12"]
[Round "6"]
[White "Simutowe, Amon"]
[Black "Laubsch, Bernd"]
[Result "1/2-1/2"]
[WhiteElo "2485"]
[BlackElo "2285"]
[PlyCount "149"]
[EventDate "2009.03.09"]
[EventType "swiss"]
[EventRounds "7"]
[EventCountry "GER"]
[SourceTitle "EXT 2010"]
[Source "ChessBase"]
[SourceDate "2010.11.25"]
[SourceVersion "1"]
[SourceVersionDate "2010.11.25"]
[SourceQuality "1"]

1. e4 c5 2. Nf3 e6 3. d4 cxd4 4. Nxd4 Nf6 5. Nc3 d6 6. g4 Nc6 7. g5 Nd7 8. Be3 Nb6 9. h4 d5 10. Bb5 Bd7 11. exd5 exd5 12. Qe2 Be7 13. 0-0-0 0-0 14. Nb3 Be6 15. f4 Qc8 16. Rhg1 Re8 17. Qf3 Nc4 18. Bf2 a6 19. Bxc6 bxc6 20. Nc5 Bf5 21. h5 Qb8 22. b3 Qb4 23. N5a4 Qa3+ 24. Kb1 Rab8 25. Rd3 Bb4 26. Ka1 Bxd3 27. Qxd3 Bxc3+ 28. Qxc3 Qb4 29. Qxb4 Rxb4 30. Bc5 Rxa4 31. bxa4 g6 32. h6 Nd2 33. Rd1 Ne4 34. Re1 f6 35. gxf6 Kf7 36. Bd4 Nxf6 37. Rb1 Re7 38. Rb6 Ng4 39. Rxc6 Nxh6 40. Rf6+ Ke8 41. Rxa6 Nf5 42. Be5 g5 43. Ra8+ Kf7 44. Rh8 Ke6 45. Rg8 gxf4 46. Bxf4 Nd4 47. c3 Rf7 48. Bh6 Nf5 49. Bc1 Nd6 50. a5 Nc4 51. a6 Ra7 52. Kb1 Kd6 53. Bf4+ Kc6 54. Rh8 Kb5 55. Rd8 Kc6 56. Rc8+ Kb5 57. Rd8 Kc6 58. Rh8 Kb5 59. Bb8 Rxa6 60. Rxh7 Rf6 61. Ba7 Re6 62. Bf2 Re2 63. Bd4 Na3+ 64. Kc1 Rxa2 65. Rc7 Ka4 66. Rc5 Kb3 67. Kd1 Rh2 68. Rxd5 Kc4 69. Rg5 Nb1 70. Rc5+ Kd3 71. Ke1 Nd2 72. Bf6 Nf3+ 73. Kf1 Nd2+ 74. Kg1 Nf1 75. Kxf1 1/2-1/2

[Event "Schneeberg op"]
[Site "Schneeberg"]
[Date "2009.03.09"]
[Round "1"]
[White "Stark, Saskia"]
[Black "Simutowe, Amon"]
[Result "0-1"]
[WhiteElo "1929"]
[BlackElo "2485"]
[PlyCount "60"]
[EventDate "2009.03.09"]
[EventType "swiss"]
[EventRounds "7"]
[EventCountry "GER"]
[SourceTitle "EXT 2010"]
[Source "ChessBase"]
[SourceDate "2010.11.25"]
[SourceVersion "1"]
[SourceVersionDate "2010.11.25"]
[SourceQuality "1"]

1. e4 c6 2. d4 d5 3. Nc3 dxe4 4. Nxe4 Nd7 5. Nf3 Ngf6 6. Nxf6+ Nxf6 7. Bd3 Bg4 8. c3 e6 9. h3 Bh5 10. Bf4 Nd5 11. Bh2 Bd6 12. Bxd6 Qxd6 13. g4 Bg6 14. Ne5 Bxd3 15. Nxd3 0-0 16. Qf3 b6 17. 0-0 a5 18. Rad1 a4 19. c4 Ne7 20. Qf4 Rfd8 21. Qg5 Ng6 22. Nc1 Nf4 23. Qh4 e5 24. d5 cxd5 25. cxd5 a3 26. b3 Rac8 27. Rd2 Rc3 28. f3 Rdc8 29. Ne2 Qc5+ 30. Rf2 Rd3 0-1

[Event "Cappelle op 25th"]
[Site "Cappelle la Grande"]
[Date "2009.03.02"]
[Round "4"]
[White "Simutowe, Amon"]
[Black "Mamedov, Nidjat"]
[Result "1/2-1/2"]
[WhiteElo "2485"]
[BlackElo "2607"]
[PlyCount "44"]
[EventDate "2009.02.28"]
[EventType "swiss"]
[EventRounds "9"]
[EventCountry "FRA"]
[SourceTitle "CBM 129 Extra"]
[Source "ChessBase"]
[SourceDate "2009.05.05"]
[SourceVersion "2"]
[SourceVersionDate "2009.05.20"]
[SourceQuality "1"]

1. d4 Nf6 2. Nf3 g6 3. c4 Bg7 4. Nc3 0-0 5. e4 d6 6. Be2 e5 7. dxe5 dxe5 8. Qxd8 Rxd8 9. Bg5 Nbd7 10. 0-0-0 Rf8 11. Nd5 c6 12. Nxf6+ Nxf6 13. Nd2 Re8 14. f3 Nd7 15. Be3 Bf8 16. Nb3 f5 17. exf5 gxf5 18. Bd3 Nf6 19. Bg5 Kf7 20. h3 e4 21. fxe4 Nxe4 22. Bh4 Bg7 1/2-1/2

[Event "Nova Gorica op-A 14th"]
[Site "Nova Gorica"]
[Date "2009.02.03"]
[Round "5"]
[White "Zorko, Jure"]
[Black "Simutowe, Amon"]
[Result "1/2-1/2"]
[WhiteElo "2396"]
[BlackElo "2485"]
[PlyCount "76"]
[EventDate "2009.01.31"]
[EventType "swiss"]
[EventRounds "9"]
[EventCountry "SLO"]
[SourceTitle "CBM 128 Extra"]
[Source "ChessBase"]
[SourceDate "2009.03.05"]
[SourceVersion "2"]
[SourceVersionDate "2009.03.25"]
[SourceQuality "1"]

1. e4 c6 2. d4 d5 3. Nc3 dxe4 4. Nxe4 Nd7 5. Nf3 Ngf6 6. Nxf6+ Nxf6 7. Bc4 g6 8. Ne5 Nd5 9. 0-0 Bg7 10. Re1 0-0 11. c3 Be6 12. Qf3 Qd6 13. Nd3 Bf5 14. Bg5 Rfe8 15. Bh4 Bxd3 16. Qxd3 e6 17. Bg3 Qd8 18. Qd1 Rc8 19. Qb3 b5 20. Be2 h5 21. h3 Qg5 22. Bf3 a5 23. a4 b4 24. Rad1 bxc3 25. bxc3 Red8 26. Re4 Qe7 27. Ree1 Qa7 28. Be5 Ne7 29. Qa3 c5 30. Rb1 Nd5 31. Rb5 cxd4 32. cxd4 Bxe5 33. dxe5 Rc2 34. Rf1 Rc3 35. Qb2 Qd4 36. Bxd5 Rxd5 37. Rxd5 exd5 38. Qb8+ Kg7 1/2-1/2

[Event "Nova Gorica op-A 14th"]
[Site "Nova Gorica"]
[Date "2009.02.02"]
[Round "4"]
[White "Simutowe, Amon"]
[Black "Kokol, Peter"]
[Result "1-0"]
[WhiteElo "2485"]
[BlackElo "2332"]
[PlyCount "79"]
[EventDate "2009.01.31"]
[EventType "swiss"]
[EventRounds "9"]
[EventCountry "SLO"]
[SourceTitle "CBM 128 Extra"]
[Source "ChessBase"]
[SourceDate "2009.03.05"]
[SourceVersion "2"]
[SourceVersionDate "2009.03.25"]
[SourceQuality "1"]

1. c4 e5 2. g3 Nc6 3. Bg2 g6 4. Nc3 Bg7 5. Rb1 a5 6. a3 d6 7. d3 f5 8. e3 Nf6 9. Nge2 0-0 10. b4 axb4 11. axb4 g5 12. 0-0 Ne7 13. f4 gxf4 14. exf4 c6 15. b5 Be6 16. bxc6 bxc6 17. h3 e4 18. Nd4 Bf7 19. dxe4 Bxc4 20. Rf2 Qa5 21. Bb2 Rab8 22. Ra1 Qb6 23. exf5 Nfd5 24. Na4 Qb7 25. Ne6 Bb3 26. Qg4 Nxf5 27. Nxf8 Rxf8 28. Bxg7 Qxg7 29. Qxg7+ Kxg7 30. Ra3 Bc4 31. Nb2 Bb5 32. Bxd5 cxd5 33. Rd2 Rc8 34. Rxd5 Rc1+ 35. Nd1 Bd7 36. Rc3 Ra1 37. g4 Be6 38. Rd2 Ne7 39. f5 Bf7 40. Rc7 1-0